Konventionalist, Realist, Resignierter, Idealist. Vier Wert-Typen fordern das Marketing.
Vzostup postmaterialistikých hodnôt, výzva pre marketing. Prechod od základných potrieb k vyšším potrebám. Charakteristika štyroch hodnotových typov, charakterizujúcich rozpätie medzi materializmom a postmaterializmom. Orientácia marketingu na jednotlivé typy, líšiace sa svojím prístupom k spotrebe....
Gespeichert in:
| 1. Verfasser: | |
|---|---|
| Format: | Buchkapitel |
| Sprache: | Deutsch |
| Schlagworte: | |
| Tags: |
Keine Tags, Fügen Sie das erste Tag hinzu!
|
MARC
| LEADER | 00000naa a2200000 4500 | ||
|---|---|---|---|
| 001 | r009776 | ||
| 005 | 20221130113116.8 | ||
| 041 | 0 | |a ger | |
| 044 | |a DE | ||
| 245 | 1 | 0 | |a Konventionalist, Realist, Resignierter, Idealist. |b Vier Wert-Typen fordern das Marketing. |c M. Bergheim |
| 520 | |a Vzostup postmaterialistikých hodnôt, výzva pre marketing. Prechod od základných potrieb k vyšším potrebám. Charakteristika štyroch hodnotových typov, charakterizujúcich rozpätie medzi materializmom a postmaterializmom. Orientácia marketingu na jednotlivé typy, líšiace sa svojím prístupom k spotrebe. Typy potrieb a spotreby. Marketing-mix a spotrebiteľské reakcie. | ||
| 610 | 2 | 0 | |a potreby |
| 610 | 2 | 0 | |a spotreba |
| 610 | 2 | 0 | |a spotrebitelia |
| 610 | 2 | 0 | |a marketing |
| 610 | 2 | 0 | |a osobnosť |
| 610 | 2 | 0 | |a výskum |
| 100 | 1 | |a Bergheim, M. | |